Statystyki dla Wszystkie parki narodowe w Polsce z mapą

Kliknij tutaj aby rozwiązać quiz!

Ogólne statystyki

  • Ten quiz został rozwiązany 35 964 razy
  • Średni wynik to 13 z 23

Odpowiedzi na mapie

Odpowiedzi skodowane kolorowo w zielono-czerwonej skali na mapie do tego quizu, zgodnie z poniższymi procentami.
 

Statystyki odpowiedzi

Park% Poprawnych
Tatrzański PN
87%
Białowieski PN
82%
Ojcowski PN
74%
Biebrzański PN
73%
Bieszczadzki PN
73%
Słowiński PN
70%
Kampinoski PN
68%
Woliński PN
67%
Karkonoski PN
61%
Świętokrzyski PN
61%
PN "Ujście Warty"
59%
PN "Gór Stołowych"
58%
PN "Bory Tucholskie"
55%
Pieniński PN
52%
Wielkopolski PN
52%
Babiogórski PN
51%
Roztoczański PN
47%
Poleski PN
46%
Wigierski PN
46%
Narwiański PN
43%
Magurski PN
42%
Drawieński PN
39%
Gorczański PN
38%

Rozkład punktacji

Percentyl według liczby udzielonych odpowiedzi

Procent ludzi z każdym wynikiem

Twoja historia wyników

Nie rozwiązałeś tego quizu